00560 2200205 4500001002100000005001500021035002000036007000300056008004100059020001800100100002700118245006900145260003400214300003100248082001000279084001600289250000600305650000800311990003500319INLIS00000000000760320260428025312 a0010-0226000039ta260428 0 ind  a979-672-652-11 aSetyamidjaja, Djoehana1 aTeh Budi daya dan Pengolahan Pascapanen /cDjoehana Setyamidjaja aYogyakarta :bKanisius,c2000 a154 hlm. :bilus. ;c21 cm a633.7 a633.7 Set t a- 4aTeh ac.1/43/Polbangtan Yoma/ha/2026